000 00381nam a2200145Ia 4500
008 210210b1979 xxu||||| |||| 00| 0 eng d
082 _a547.1 WINS
100 _aWINTNER (Claude E).
245 _aStrands of organic chemistry.
260 _aLondon
_bHolden-Day
_c1979
300 _ax,128
650 _aStrands Organic Chemistry
690 _aOrganic Chemistry
906 _aCC00314
999 _c109576
_d109576